01863nam a2200469 i 4500003000900000005001700009007000300026008004100029020001800070040003000088082000700118111017700125245017200302264005200474300004100526336002700567337003400594338002800628490001800656500003800674590002700712700002700739700004300766700002300809700002800832700002700860700002900887700002800916700002600944700004100970700002601011700003601037700003001073700004601103700003101149700002701180700002701207910001401234942001401248952011401262999001701376DO-SdBNP20260303090148.0ta110413s2012 dr o 000 0 spa d a9789945883527 aDO-SdBNPbspacBNPHUerda 222 a(Jornada conmemorativa, la vigencia de Juan Bosch: ¨Democracia verdadera¨ y cambio social en la mirada latinoamericanacCasa Manresa Altagraciad2011, 3 noviembre)98414510aDebate : bla izquierda, las elecciones y el poder en América Latina /cAtilio Borón, Héctor Díaz Polanco, Luis Bocaz, Jorge Núñez, Hiber Conteris y otros 1aSanto Domingo :bFundación Juan Bosch,c2012. a83 páginas c21 cm.bfotografías 2rdacontentatextobtxt 2rdamediaasin mediación bn 2rdacarrieravolumenbnc aBosch vivev1 aIncluye notas a pie de páginas. aInventariado, 2023/ YL1 aBorón, Atilio9841461 aDíaz Polanco, Héctor,d1944-924211 aBocaz, Luis9377611 aNúñez, Jorge9823241 aConteris, Hiber9227631 aCastañeda, Nora9841481 aSotolongo, Pedro9841491 aRoque, Natalie9841501 aAcosta Matos, Eliades,d1959-9744791 aJulián, Rafael94811 aOviedo Landestoy, José9841511 aGalván, Hecmilio9335651 aNuñez Polanco, Diómedesd1952-9835591 aMartínez, Ángel9841521 aAcosta, Julín9841531 aBosch, Matías972665 aYLockward 2ddccLBS1 00102ddc51708PDaBNPHUbBNPHUcCTd2021-02-11eCelida Alvarezl0p2023-5966r2023-09-18w2023-09-18yLBS1 c54786d54786